| 000 | 00393nam a2200145Ia 4500 | ||
|---|---|---|---|
| 005 | 20250508152254.0 | ||
| 008 | 008 250505s9999 xx 000 0 eng d | ||
| 037 | _aBooks to be hide in OPAC | ||
| 040 |
_aFEDL _beng _cFEDL |
||
| 041 |
_aeng _2eng |
||
| 084 |
_a621.31, IND/O _qFEDL |
||
| 245 | 0 | _aPower atlas of India | |
| 942 |
_cHB _h621.31, IND/O |
||
| 999 |
_c1335437 _d1335437 |
||